LEADER 03621nam 2200625 a 450 001 9910456228903321 005 20200520144314.0 010 $a1-283-14429-8 010 $a9786613144294 010 $a981-4295-94-9 035 $a(CKB)2490000000001934 035 $a(EBL)731298 035 $a(OCoLC)740446107 035 $a(SSID)ssj0000540126 035 $a(PQKBManifestationID)12177604 035 $a(PQKBTitleCode)TC0000540126 035 $a(PQKBWorkID)10585322 035 $a(PQKB)10918163 035 $a(MiAaPQ)EBC731298 035 $a(WSP)00007657 035 $a(Au-PeEL)EBL731298 035 $a(CaPaEBR)ebr10480251 035 $a(CaONFJC)MIL314429 035 $a(EXLCZ)992490000000001934 100 $a20110125d2010 uy 0 101 0 $aeng 135 $aur|n|---||||| 181 $ctxt 182 $cc 183 $acr 200 14$aThe poetry of physics and the physics of poetry$b[electronic resource] /$fRobert K. Logan 210 $aSingapore ;$aHackensack, N.J. $cWorld Scientific Pub. Co.$dc2010 215 $a1 online resource (340 p.) 300 $aDescription based upon print version of record. 311 $a981-4295-93-0 311 $a981-4295-92-2 320 $aIncludes bibliographical references. 327 $aContents; Chapter 1 To My Readers; Chapter 2 The Origin of Physics; Chapter 3 Ancient Science of Mesopotamia, Egypt and China; Chapter 4 Physics of the Ancient Greek Era; Chapter 5 The Roots of the Scientific Revolution; Chapter 6 Mechanics, Planetary Motion and the Modern Science Revolution; Chapter 7 Poetry Influenced by the Scientific Revolution; Chapter 8 The Concept of the Atom, the Atomic Structure of Matter and the Origin of Chemistry; Chapter 9 The Concept of Energy; Chapter 10 Thermodynamics and the Atomic and Molecular Structure of Matter; Chapter 11 Electricity and Magnetism 327 $aChapter 12 Electromagnetic Radiation and Wave BehaviourChapter 13 Prelude to Relativity; Chapter 14 The Special Theory of Relativity; Chapter 15 The General Theory of Relativity; Chapter 16 Kuhn's Structure of Scientific Revolutions and the Impact of the Theory of Relativity; Chapter 17 The Structure of the Atom; Chapter 18 The Quantization of Energy; Chapter 19 Bohr's Atom; Chapter 20 Wave Mechanics; Chapter 21 Philosophical Implications of Quantum Mechanics; Chapter 22 Quantum Electrodynamics; Chapter 23 The Nucleus and the Strong Interaction 327 $aChapter 24 Elementary Particles, Quarks and Quantum ChromodynamicsChapter 25 Cosmology and the Universe: The Big Bang, Dark Matter and Dark Energy; Chapter 26 Clusters, Galaxies, Black Holes and Stars; Chapter 27 The Solar System and the Planet Earth; Chapter 28 Non-Linear Systems, Chaos, Complexity and Emergence; Chapter 29 Classroom Discussions, Activities and Assignments; Bibliography 330 $aThis is a textbook for a survey course in physics taught without mathematics, that also takes into account the social impact and influences from the arts and society. It combines physics, literature, history and philosophy from the dawn of human life to the 21st century. It will also be of interest to the general reader. 606 $aPhysics 606 $aPhysics$xSocial aspects 608 $aElectronic books. 615 0$aPhysics. 615 0$aPhysics$xSocial aspects. 676 $a530 700 $aLogan$b Robert K.$f1939-$0986203 801 0$bMiAaPQ 801 1$bMiAaPQ 801 2$bMiAaPQ 906 $aBOOK 912 $a9910456228903321 996 $aThe poetry of physics and the physics of poetry$92254085 997 $aUNINA LEADER 01215nam 2200397 450 001 9910795056503321 005 20230814215658.0 010 $a3-7369-8761-7 035 $a(CKB)4340000000263742 035 $a(MiAaPQ)EBC5341722 035 $a(EXLCZ)994340000000263742 100 $a20180518d2018 uy 0 101 0 $aeng 135 $aurcnu|||||||| 181 $ctxt$2rdacontent 182 $cc$2rdamedia 183 $acr$2rdacarrier 200 10$aSynthesis of model systems for SNARE mediated membrane fusion based on PNA/PNA base pair recognition /$fBarbara Elisabeth Hubrich 205 $a1. Auflage. 210 1$aGottingen :$cCuvillier Verlag,$d[2018] 210 4$dİ2018 215 $a1 online resource (202 pages) 311 $a3-7369-9761-2 606 $aMembrane fusion 606 $aSolid-phase synthesis 615 0$aMembrane fusion. 615 0$aSolid-phase synthesis. 676 $a574.875 700 $aHubrich$b Barbara Elisabeth$01576237 801 0$bMiAaPQ 801 1$bMiAaPQ 801 2$bMiAaPQ 906 $aBOOK 912 $a9910795056503321 996 $aSynthesis of model systems for SNARE mediated membrane fusion based on PNA$93853899 997 $aUNINA LEADER 01578nas 22004455a 450 001 9910891297103321 005 20260218112643.0 011 $a2367-7600 035 $a(CKB)1000000000313091 035 $a(CONSER)--2006201357 035 $a(DE-599)ZDB2873633-3 035 $a(DE-599)3192921-7 035 $a(DE-599)2873633-3 035 $a(EXLCZ)991000000000313091 100 $a20060724a20059999 --o - 101 0 $abul 200 00$aIkonomika i upravlenie =$eEconomics and management 210 $aBlagoevgrad $cI?Ugozapaden universitet "Neofit Rilski, " Stopanski fakultet$d[2005]- 215 $a1 online resource 300 $aTitle from cover. 311 08$aPrint version: Ikonomika i upravlenie = 1312-594X (DLC) 2006201357 (OCoLC)70678685 606 $aManagement$zBulgaria$vPeriodicals 606 $aEconomic history$2fast$3(OCoLC)fst00901974 606 $aInternational economic integration$2fast$3(OCoLC)fst00976879 606 $aManagement$2fast$3(OCoLC)fst01007141 607 $aBulgaria$xEconomic conditions$vPeriodicals 607 $aEurope$xEconomic integration$vPeriodicals 607 $aBulgaria$2fast 607 $aEurope$2fast 608 $aPeriodicals.$2fast 615 0$aManagement 615 7$aEconomic history. 615 7$aInternational economic integration. 615 7$aManagement. 712 02$aI?U?gozapaden universitet "Neofit Rilski."$bStopanski fakultet. 906 $aJOURNAL 912 $a9910891297103321 920 $aexl_impl conversion 996 $aIkonomika i upravlenie$94246076 997 $aUNINA